Personnes apparues sur les monnaies françaises - Statistiques

Statistiques générales
  • Ce quiz a été pris 219 fois
    26 depuis la dernière actualisation
  • Le résultat moyen est 22 sur 37
Statistiques - réponses
Dates Personne % Correct
1814 à 1824 Louis XVIII
100%
1802 à 1815 Napoléon Ier
100%
1852 à 1870 Napoléon III
100%
1988, 1994, 2010, 2013, 2020 Charles de Gaulle
95%
1984, 2024-... Marie Curie
95%
2022 Jacques Chirac
89%
1985 Victor Hugo
89%
1990 Charlemagne
84%
2018, 2024-... Simone Veil
84%
1994 Voltaire
84%
1824 à 1830 Charles X
79%
1996 Clovis
79%
2012 Abbé Pierre
74%
2016 François Mitterrand
74%
1995 Louis Pasteur
74%
1941 Philippe Pétain
74%
1993 Jean Moulin
68%
1830 à 1848 Louis-Philippe Ier
68%
2024-... Joséphine Baker
63%
1985 Émile Zola
58%
1994, 2013 Pierre de Coubertin
58%
2017 Auguste Rodin
53%
1991 René Descartes
47%
1987 Gilbert du Motier de La Fayette
42%
1992 Jean Monnet
42%
2013 Konrad Adenauer
42%
1986 Robert Schuman
37%
1988 Roland Garros
37%
2022 Érasme
32%
1987 Hugues Capet
32%
1997 Georges Guynemer
21%
1982 Léon Gambetta
21%
1983 Stendhal
21%
1996 Jacques Rueff
16%
1992 Pierre Mendès France
16%
1998 René Cassin
16%
1984 François Rude
11%
Aucun quiz correspondant
Distribution des résultats
% des personnes avec chaque résultat
Percentile par nombre de réponses
Votre historique - résultats
Vous n’avez pas pris ce quiz depuis la dernière actualisation